[Event "SWE-chT 1718 Elite"]
[Site "Sweden"]
[Date "2018.03.17"]
[Round "8.1"]
[White "Seo, Jung Min"]
[Black "Bejtovic, Jasmin"]
[Result "1-0"]
[WhiteElo "2435"]
[BlackElo "2358"]
[PlyCount "125"]
[EventDate "2017.10.20"]
[EventType "team-tourn"]
[EventRounds "9"]
[EventCountry "SWE"]
[SourceTitle "EXT 2019"]
[Source "ChessBase"]
[SourceDate "2018.10.10"]
[SourceVersion "1"]
[SourceVersionDate "2018.10.10"]
[SourceQuality "1"]
[WhiteTeam "Stockholm SS"]
[BlackTeam "Malmo"]
[WhiteTeamCountry "SWE"]
[BlackTeamCountry "SWE"]

1. d4 Nf6 2. c4 g6 3. Nc3 Bg7 4. e4 d6 5. f3 0-0 6. Be3 a6 7. Bd3 Nbd7 8. Nge2 c5 9. 0-0 b6 10. Qd2 cxd4 11. Nxd4 Bb7 12. Rac1 Rc8 13. b3 Re8 14. Rfd1 e6 15. Bf1 Qe7 16. Bf2 h5 17. Nde2 Bf8 18. Re1 Qd8 19. Nf4 Qc7 20. Nd3 Qb8 21. Kh1 Rcd8 22. Bg3 Ne5 23. Qc2 Be7 24. h3 Kg7 25. Rcd1 h4 26. Bh2 Nh5 27. f4 Nxd3 28. Qxd3 Bf6 29. Be2 Rh8 30. Bxh5 Rxh5 31. Ne2 Qa8 32. Nd4 b5 33. cxb5 axb5 34. Nxb5 Qxa2 35. Nxd6 Rc5 36. Rd2 Qa8 37. e5 Be7 38. Qe3 Bxd6 39. exd6 Rf5 40. Qd4+ Kg8 41. Re5 Qa6 42. Rxf5 gxf5 43. Bg1 Qf1 44. Qf6 Rd7 45. Qg5+ Kf8 46. Qh6+ Kg8 47. Qxh4 Bc6 48. Qg5+ Kh7 49. Qh4+ Kg8 50. Qg3+ Kh7 51. Rd3 f6 52. Qh4+ Kg8 53. Rg3+ Rg7 54. Rxg7+ Kxg7 55. Qg3+ Kf7 56. Kh2 Qe2 57. b4 Qe4 58. Bc5 Qe2 59. Qf2 Qh5 60. Qd2 Ke8 61. d7+ Bxd7 62. Qd6 Kd8 63. Qb8+ 1-0

[Event "SWE-chT 1718 Elite"]
[Site "Sweden"]
[Date "2018.02.03"]
[Round "5.7"]
[White "Schneider, Stefan"]
[Black "Bejtovic, Jasmin"]
[Result "1/2-1/2"]
[WhiteElo "2390"]
[BlackElo "2358"]
[PlyCount "132"]
[EventDate "2017.10.20"]
[EventType "team-tourn"]
[EventRounds "9"]
[EventCountry "SWE"]
[SourceTitle "EXT 2019"]
[Source "ChessBase"]
[SourceDate "2018.10.10"]
[SourceVersion "1"]
[SourceVersionDate "2018.10.10"]
[SourceQuality "1"]
[WhiteTeam "Limhamn"]
[BlackTeam "Malmo"]
[WhiteTeamCountry "SWE"]
[BlackTeamCountry "SWE"]

1. d4 Nf6 2. Nf3 g6 3. Bg5 Bg7 4. Nbd2 d5 5. e3 0-0 6. c3 Nbd7 7. Be2 Re8 8. 0-0 e5 9. Bh4 c6 10. Bg3 Nh5 11. Bxe5 Nxe5 12. dxe5 Bxe5 13. Nxe5 Rxe5 14. Nc4 Re8 15. Bxh5 dxc4 16. Be2 Be6 17. Qxd8 Rexd8 18. Rfd1 Kf8 19. f3 Ke7 20. Kf2 f5 21. Rxd8 Rxd8 22. Rd1 Rb8 23. g4 fxg4 24. fxg4 g5 25. Bf3 Kf6 26. Kg3 Ke5 27. Rd2 Rf8 28. Rd4 c5 29. Rd2 b5 30. a3 a5 31. Bc6 b4 32. axb4 cxb4 33. Rd4 Rb8 34. Ba4 bxc3 35. bxc3 Rb2 36. Bd7 Bd5 37. h4 h6 38. hxg5 hxg5 39. e4 Bf7 40. Bf5 Rb7 41. Rd8 Ra7 42. Rb8 a4 43. Rb5+ Kd6 44. e5+ Kc6 45. Rb1 a3 46. Ra1 a2 47. e6 Be8 48. Kf3 Kd5 49. Ke3 Ke5 50. Kd2 Kf4 51. Kc1 Ke3 52. Kb2 Kd2 53. Rxa2 Rxa2+ 54. Kxa2 Kxc3 55. Ka3 Kd2 56. Kb4 c3 57. Kc4 c2 58. Bxc2 Kxc2 59. Kd4 Kd2 60. Ke4 Kc3 61. Kf5 Kd4 62. Kxg5 Ke5 63. Kh4 Kxe6 64. Kg3 Kf6 65. Kf4 Bd7 66. Ke4 Bxg4 1/2-1/2

[Event "DEN-chT 1617 55th"]
[Site "Denmark"]
[Date "2016.10.29"]
[Round "1.3"]
[White "Thogersen, Rasmus"]
[Black "Bejtovic, Jasmin"]
[Result "1/2-1/2"]
[WhiteElo "2122"]
[BlackElo "2370"]
[PlyCount "117"]
[EventDate "2016.10.29"]
[EventType "team-tourn"]
[EventRounds "9"]
[EventCountry "DEN"]
[SourceTitle "EXT 2018"]
[Source "ChessBase"]
[SourceDate "2017.10.13"]
[SourceVersion "1"]
[SourceVersionDate "2017.10.13"]
[SourceQuality "1"]
[WhiteTeam "Jetsmark"]
[BlackTeam "Philidor"]
[WhiteTeamCountry "DEN"]
[BlackTeamCountry "DEN"]

1. d4 Nf6 2. c4 g6 3. Nc3 Bg7 4. e4 d6 5. Nf3 0-0 6. Be2 c5 7. d5 e6 8. 0-0 exd5 9. exd5 Bg4 10. Bf4 a6 11. h3 Bxf3 12. Bxf3 Ne8 13. Qc2 Nd7 14. Rfe1 Ne5 15. Be2 f5 16. Qd2 Nf7 17. Bh2 Bh6 18. f4 Ng7 19. Rab1 Re8 20. b4 b6 21. Kh1 Qf6 22. Na4 Rab8 23. Rb3 b5 24. Nb2 bxc4 25. Bxc4 cxb4 26. Rxb4 Rxe1+ 27. Qxe1 Re8 28. Qd2 Qh4 29. Bxa6 Nh5 30. Nd3 Ng3+ 31. Bxg3 Qxg3 32. Qf2 Qxf2 33. Nxf2 g5 34. fxg5 Bxg5 35. Bd3 Re1+ 36. Kh2 Be3 37. Kg3 f4+ 38. Rxf4 Bxf4+ 39. Kxf4 Ne5 40. Bb5 Kf7 41. a4 Ng6+ 42. Kf3 Nh4+ 43. Kg3 Nf5+ 44. Kf4 Nd4 45. Bd3 h5 46. h4 Rg1 47. g3 Ra1 48. Kg5 Rxa4 49. Kxh5 Nf3 50. Bf5 Nd4 51. Bg6+ Kg7 52. Be4 Ne2 53. Kg4 Ra3 54. Bf3 Ra4+ 55. Be4 Ra3 56. Bf3 Ra4+ 57. Be4 Ra3 58. Bf3 Ra4+ 59. Be4 1/2-1/2

[Event "SWE-chT 1617"]
[Site "Sweden"]
[Date "2016.10.16"]
[Round "3.2"]
[White "Ernst, Thomas"]
[Black "Bejtovic, Jasmin"]
[Result "1/2-1/2"]
[WhiteElo "2368"]
[BlackElo "2370"]
[PlyCount "92"]
[EventDate "2016.10.14"]
[EventType "team-tourn"]
[EventRounds "9"]
[EventCountry "SWE"]
[SourceTitle "EXT 2017"]
[Source "ChessBase"]
[SourceDate "2016.10.25"]
[SourceVersion "1"]
[SourceVersionDate "2016.10.25"]
[SourceQuality "1"]
[WhiteTeam "Farsta"]
[BlackTeam "Eksjo"]
[WhiteTeamCountry "SWE"]
[BlackTeamCountry "SWE"]

1. e4 c5 2. Nf3 Nc6 3. d4 cxd4 4. Nxd4 g6 5. c4 Nf6 6. Nc3 d6 7. Be2 Nxd4 8. Qxd4 Bg7 9. Bg5 0-0 10. Qd2 Be6 11. 0-0 Rc8 12. b3 b5 13. e5 b4 14. exf6 exf6 15. Be3 bxc3 16. Qxc3 f5 17. Bd4 Bxd4 18. Qxd4 Qa5 19. Bf3 Rfd8 20. Rfd1 Qa3 21. Qf6 a5 22. h4 h5 23. Re1 Kh7 24. Re3 Qc5 25. Rae1 Rg8 26. Rd1 Qa3 27. Qe7 Rge8 28. Qxd6 Qxa2 29. Qd2 Qxd2 30. Rxd2 a4 31. bxa4 Rxc4 32. a5 Ra4 33. Re5 Rb8 34. Rd1 Rb2 35. Be2 Raa2 36. Re1 f4 37. f3 Kg7 38. Bf1 Bc4 39. Bxc4 Rxg2+ 40. Kh1 Rh2+ 41. Kg1 Rag2+ 42. Kf1 Rf2+ 43. Kg1 Rhg2+ 44. Kh1 Rh2+ 45. Kg1 Rhg2+ 46. Kh1 Rh2+ 1/2-1/2

[Event "SWE-chT 1516"]
[Site "Sweden"]
[Date "2016.03.20"]
[Round "9.1"]
[White "Blomqvist, Erik"]
[Black "Bejtovic, Jasmin"]
[Result "1/2-1/2"]
[WhiteElo "2486"]
[BlackElo "2367"]
[PlyCount "118"]
[EventDate "2015.11.06"]
[EventType "team-tourn"]
[EventRounds "9"]
[EventCountry "SWE"]
[SourceTitle "EXT 2017"]
[Source "ChessBase"]
[SourceDate "2016.10.25"]
[SourceVersion "1"]
[SourceVersionDate "2016.10.25"]
[SourceQuality "1"]
[WhiteTeam "Stockholm Rockaden"]
[BlackTeam "Eksjo"]
[WhiteTeamCountry "SWE"]
[BlackTeamCountry "SWE"]

1. e4 c5 2. Nf3 Nc6 3. d4 cxd4 4. Nxd4 g6 5. c4 Nf6 6. Nc3 d6 7. Nc2 Bg7 8. Be2 0-0 9. 0-0 Nd7 10. Bd2 Nc5 11. f3 a5 12. Be3 a4 13. Qd2 Qa5 14. Na3 Be6 15. Rac1 Rfc8 16. Rfd1 Ne5 17. Kh1 Ncd7 18. Bd4 Nb6 19. Nd5 Qxd2 20. Nxe7+ Kf8 21. Rxd2 Kxe7 22. Bxb6 Bh6 23. Rdc2 Bxc1 24. Rxc1 Rc6 25. Be3 Rac8 26. b3 axb3 27. axb3 Ra8 28. Nc2 Rcc8 29. Nd4 Ra2 30. Re1 Rca8 31. Kg1 Ra1 32. Bc1 R8a2 33. Kf1 f6 34. Rd1 Rb1 35. Ke1 Nc6 36. Bd3 Rxc1 37. Nxc6+ bxc6 38. Rxc1 Rxg2 39. Rc2 Rxc2 40. Bxc2 g5 41. Kd2 c5 42. e5 fxe5 43. Bxh7 d5 44. cxd5 Bxd5 45. Kc3 Bxf3 46. b4 cxb4+ 47. Kxb4 g4 48. Kc3 Kf6 49. Kd3 Kg5 50. Ke3 Kh4 51. Bf5 Kg5 52. Bd7 Bd1 53. Ke4 Kf6 54. Ke3 Ke7 55. Bc8 Kd6 56. Ke4 Bf3+ 57. Ke3 Bd1 58. Ke4 Bc2+ 59. Ke3 Bd1 1/2-1/2

[Event "SWE-chT 1516"]
[Site "Sweden"]
[Date "2016.02.28"]
[Round "5.2"]
[White "Bejtovic, Jasmin"]
[Black "Semcesen, Daniel"]
[Result "1/2-1/2"]
[WhiteElo "2367"]
[BlackElo "2436"]
[PlyCount "78"]
[EventDate "2015.11.06"]
[EventType "team-tourn"]
[EventRounds "9"]
[EventCountry "SWE"]
[SourceTitle "EXT 2017"]
[Source "ChessBase"]
[SourceDate "2016.10.25"]
[SourceVersion "1"]
[SourceVersionDate "2016.10.25"]
[SourceQuality "1"]
[WhiteTeam "Eksjo"]
[BlackTeam "Lunds"]
[WhiteTeamCountry "SWE"]
[BlackTeamCountry "SWE"]

1. Nf3 d6 2. e4 Nf6 3. Nc3 e5 4. d4 Nbd7 5. Bc4 Be7 6. 0-0 0-0 7. a4 c6 8. Re1 a5 9. h3 Nb6 10. Bb3 Nfd7 11. Be3 exd4 12. Bxd4 Nc5 13. Bxc5 dxc5 14. Qe2 Qd6 15. Rad1 Qg6 16. Ne5 Qf6 17. Nc4 Nxc4 18. Bxc4 Qe5 19. Rf1 Bg5 20. Rd3 Be6 21. Bxe6 Qxe6 22. f4 Be7 23. e5 c4 24. Rd2 f6 25. f5 Qxe5 26. Qxe5 fxe5 27. Rd7 Bc5+ 28. Kh2 Rf7 29. Rxf7 Kxf7 30. Ne4 Be7 31. Rd1 Ke8 32. g4 Rd8 33. Rxd8+ Kxd8 34. Kg3 b5 35. b3 Kd7 36. Kf3 h6 37. Ke3 Kc7 38. bxc4 bxa4 39. Kd2 Bb4+ 1/2-1/2

[Event "SWE-chT 1415 Elite"]
[Site "Sweden"]
[Date "2015.03.22"]
[Round "9"]
[White "Ernst, Thomas"]
[Black "Bejtovic, Jasmin"]
[Result "1-0"]
[WhiteElo "2361"]
[BlackElo "2372"]
[PlyCount "109"]
[EventDate "2014.11.21"]
[EventType "team-tourn"]
[EventRounds "9"]
[EventCountry "SWE"]
[SourceTitle "EXT 2018"]
[Source "ChessBase"]
[SourceDate "2017.10.13"]
[SourceVersion "1"]
[SourceVersionDate "2017.10.13"]
[SourceQuality "1"]
[WhiteTeam "Farsta"]
[BlackTeam "Eksjo"]
[WhiteTeamCountry "SWE"]
[BlackTeamCountry "SWE"]

1. d4 Nf6 2. c4 g6 3. Nc3 Bg7 4. e4 d6 5. Nf3 0-0 6. Be2 c5 7. 0-0 cxd4 8. Nxd4 Nc6 9. Be3 Nxd4 10. Bxd4 Bd7 11. f3 a5 12. b3 Bc6 13. Rc1 Nd7 14. Be3 Nc5 15. Qd2 e6 16. Rfd1 Be5 17. Bd4 Bxd4+ 18. Qxd4 Qb6 19. Nb5 e5 20. Qf2 Bxb5 21. cxb5 Qc7 22. Bc4 Qe7 23. Bd5 Rfc8 24. Qd2 Kg7 25. h3 h5 26. Kh2 h4 27. Rc3 Qe8 28. Bc4 Rd8 29. Qg5 Rac8 30. Rdc1 Qh8 31. Bd5 Rd7 32. a3 Qd8 33. Qxd8 Rcxd8 34. b4 axb4 35. axb4 Ne6 36. b6 Kf6 37. Rc8 Ke7 38. Rxd8 Kxd8 39. Ra1 Ke7 40. Ra8 g5 41. Rb8 Nd8 42. b5 Kf6 43. Kg1 Ke7 44. Kf2 Kf6 45. Ke3 Ke7 46. Kd2 Kf6 47. Kc3 Ke7 48. Kb4 Kf6 49. Kc3 Ke7 50. Kb4 Kf6 51. Rxd8 Rxd8 52. Bxb7 Ke7 53. Ka5 d5 54. Bxd5 Kd7 55. Ka6 1-0

[Event "SWE-chT 1415 Elite"]
[Site "Sweden"]
[Date "2015.03.21"]
[Round "8.5"]
[White "Bejtovic, Jasmin"]
[Black "Larsson, Anders"]
[Result "0-1"]
[WhiteElo "2372"]
[BlackElo "2304"]
[PlyCount "94"]
[EventDate "2014.11.21"]
[EventType "team-tourn"]
[EventRounds "9"]
[EventCountry "SWE"]
[SourceTitle "EXT 2016"]
[Source "ChessBase"]
[SourceDate "2015.10.08"]
[SourceVersion "1"]
[SourceVersionDate "2015.10.08"]
[SourceQuality "1"]
[WhiteTeam "Eksjo"]
[BlackTeam "Kungstornet"]
[WhiteTeamCountry "SWE"]
[BlackTeamCountry "SWE"]

1. c4 e5 2. g3 Nf6 3. Bg2 c6 4. d4 exd4 5. Qxd4 d5 6. Nf3 Be7 7. cxd5 Qxd5 8. Qa4 Qe4 9. Qd1 Qd5 10. Nbd2 0-0 11. 0-0 Qh5 12. e4 Na6 13. Qe2 Bg4 14. a3 Nc5 15. b4 Ne6 16. Bb2 Rfd8 17. Qe3 Bh3 18. Ne5 Bxg2 19. Kxg2 Ng4 20. Nxg4 Qxg4 21. f4 a5 22. h3 Qh5 23. Nf3 Qb5 24. f5 Nf8 25. Nd4 Qb6 26. e5 axb4 27. a4 c5 28. Nb3 f6 29. exf6 Bxf6 30. Bxf6 Qxf6 31. Nxc5 Qb2+ 32. Kg1 Rd2 33. Qb3+ Qxb3 34. Nxb3 Rd3 35. Nc5 Rxg3+ 36. Kh2 Ra3 37. Nxb7 R8xa4 38. Rab1 Rc3 39. Rf2 b3 40. f6 gxf6 41. Rxf6 Ra2+ 42. Kg1 Rg3+ 43. Kf1 Rxh3 44. Kg1 Rg3+ 45. Kh1 Ng6 46. Nc5 Nh4 47. Rxb3 Ra1+ 0-1

[Event "SWE-chT 1415 Elite"]
[Site "Sweden"]
[Date "2015.01.31"]
[Round "6"]
[White "Bejtovic, Jasmin"]
[Black "Ahlander, Bjorn"]
[Result "1-0"]
[WhiteElo "2372"]
[BlackElo "2411"]
[PlyCount "115"]
[EventDate "2014.11.21"]
[EventType "team-tourn"]
[EventRounds "9"]
[EventCountry "SWE"]
[SourceTitle "EXT 2016"]
[Source "ChessBase"]
[SourceDate "2015.10.08"]
[SourceVersion "1"]
[SourceVersionDate "2015.10.08"]
[SourceQuality "1"]
[WhiteTeam "Eksjo"]
[BlackTeam "Limhamn"]
[WhiteTeamCountry "SWE"]
[BlackTeamCountry "SWE"]

1. c4 e6 2. d4 c5 3. d5 exd5 4. cxd5 d6 5. Nc3 Ne7 6. g3 Ng6 7. Bg2 Be7 8. Nf3 a6 9. a4 0-0 10. 0-0 Re8 11. Nd2 Nd7 12. h3 Rb8 13. Nc4 Qc7 14. a5 Nge5 15. Ne3 b5 16. f4 Ng6 17. Kh2 c4 18. Ne4 Nc5 19. Nxc5 Qxc5 20. Nc2 Bf6 21. e4 Nf8 22. Be3 Qc7 23. Nd4 Bb7 24. Qd2 Bxd4 25. Bxd4 Nd7 26. b4 cxb3 27. Rfc1 Qd8 28. Qb2 f6 29. Qxb3 Rc8 30. Qb4 Qe7 31. h4 Nc5 32. Bxc5 dxc5 33. Qd2 Qd6 34. Re1 c4 35. Qd4 Qc5 36. Qxc5 Rxc5 37. d6 Kf7 38. Rad1 Rd8 39. Bh3 Bc8 40. d7 Bb7 41. e5 c3 42. Bf5 g6 43. Bc2 fxe5 44. fxe5 Ke7 45. e6 b4 46. Bb3 Rxa5 47. Rd4 Rf5 48. Rxb4 Bd5 49. Bxd5 Rxd5 50. Rc4 Rd2+ 51. Kh3 Rf2 52. Rxc3 a5 53. Rc6 h5 54. Re4 Ra8 55. Rc8 Rf8 56. Rec4 Kxe6 57. Rxa8 Rxa8 58. Rc8 1-0

[Event "SWE-chT 1415 Elite"]
[Site "Sweden"]
[Date "2015.01.31"]
[Round "5"]
[White "Bejtovic, Jasmin"]
[Black "Kockum, Anton Frisk"]
[Result "1-0"]
[WhiteElo "2372"]
[BlackElo "2362"]
[PlyCount "169"]
[EventDate "2014.11.21"]
[EventType "team-tourn"]
[EventRounds "9"]
[EventCountry "SWE"]
[SourceTitle "EXT 2016"]
[Source "ChessBase"]
[SourceDate "2015.10.08"]
[SourceVersion "1"]
[SourceVersionDate "2015.10.08"]
[SourceQuality "1"]
[WhiteTeam "Eksjo"]
[BlackTeam "Orgryte"]
[WhiteTeamCountry "SWE"]
[BlackTeamCountry "SWE"]

1. c4 c5 2. g3 Nc6 3. Bg2 d6 4. Nc3 Bd7 5. Nf3 Qc8 6. d4 cxd4 7. Nxd4 Bh3 8. 0-0 Nf6 9. Nd5 Bxg2 10. Nxf6+ gxf6 11. Kxg2 f5 12. b3 Bg7 13. Bb2 0-0 14. Qd2 Nxd4 15. Bxd4 Qe6 16. Bxg7 Kxg7 17. Rad1 h6 18. Qc3+ Kg6 19. Rd4 Rac8 20. Qf3 b6 21. e4 Rc5 22. Re1 Qf6 23. Rd5 Rxd5 24. cxd5 Rc8 25. exf5+ Kg7 26. Qg4+ Kf8 27. Re4 b5 28. a4 a6 29. axb5 axb5 30. Re2 Qg5 31. Qe4 Qf6 32. h4 h5 33. Qf3 Qd4 34. Qxh5 Qxd5+ 35. Kh2 Ke8 36. Qg5 Rc7 37. Qg8+ Kd7 38. f6 e5 39. Qg4+ Qe6 40. Qf3 d5 41. Qd3 Rc5 42. Ra2 Kc8 43. Qd2 Qc6 44. Qg5 Kb7 45. Qxe5 d4 46. Qxd4 Rc1 47. Qa7+ Kc8 48. Qa8+ Kd7 49. Ra7+ Ke6 50. Qxc6+ Rxc6 51. Rb7 Rc5 52. Rb6+ Kf5 53. Kh3 Rd5 54. Rc6 Kg6 55. Rb6 Rc5 56. b4 Rd5 57. Kg2 Re5 58. Kf3 Rf5+ 59. Ke3 Re5+ 60. Kd4 Rf5 61. f4 Kh5 62. Ke4 Kg4 63. Rc6 Rh5 64. Rc5 Rh6 65. Rg5+ Kh3 66. Rxb5 Kxg3 67. Rg5+ Kf2 68. Ke5 Kf3 69. Rg7 Rh5+ 70. Kd6 Kxf4 71. Kc6 Rxh4 72. Rxf7 Ke5 73. b5 Rh8 74. b6 Ke6 75. Re7+ Kxf6 76. Re2 Rh1 77. b7 Rc1+ 78. Kd7 Rd1+ 79. Kc8 Rc1+ 80. Kb8 Kf5 81. Re7 Rh1 82. Kc7 Rc1+ 83. Kd8 Rd1+ 84. Kc8 Kf6 85. Rc7 1-0

[Event "SWE-chT 1415 Elite"]
[Site "Sweden"]
[Date "2014.11.23"]
[Round "3"]
[White "Bejtovic, Jasmin"]
[Black "Engqvist, Thomas"]
[Result "1/2-1/2"]
[WhiteElo "2372"]
[BlackElo "2355"]
[PlyCount "72"]
[EventDate "2014.11.21"]
[EventType "team-tourn"]
[EventRounds "9"]
[EventCountry "SWE"]
[SourceTitle "EXT 2016"]
[Source "ChessBase"]
[SourceDate "2015.10.08"]
[SourceVersion "1"]
[SourceVersionDate "2015.10.08"]
[SourceQuality "1"]
[WhiteTeam "Eksjo"]
[BlackTeam "Stockholm Rockaden"]
[WhiteTeamCountry "SWE"]
[BlackTeamCountry "SWE"]

1. e4 c6 2. d4 d5 3. exd5 cxd5 4. c4 Nf6 5. Nc3 Nc6 6. Nf3 Bg4 7. cxd5 Nxd5 8. Be2 e6 9. h3 Bh5 10. 0-0 Be7 11. Qb3 Qb6 12. Nxd5 Qxb3 13. axb3 exd5 14. g4 Bg6 15. Bb5 f6 16. Be3 Kd7 17. Rfc1 Rhc8 18. Nh4 Bf7 19. Ng2 a6 20. Be2 Bd8 21. Bf3 g5 22. Ne1 Bb6 23. Rd1 Kd6 24. Ra4 Bg6 25. Nd3 Bxd3 26. Rxd3 Na7 27. Bd2 Nc6 28. Bg2 a5 29. Bc3 Bc7 30. Rf3 Rf8 31. Ra1 Rae8 32. h4 h6 33. Rf5 Ne7 34. Rf3 Nc6 35. Rf5 Ne7 36. Rf3 Nc6 1/2-1/2

[Event "BIH-chT 13th"]
[Site "Neum"]
[Date "2014.06.14"]
[Round "8.3"]
[White "Hadziselimovic, Bernardina"]
[Black "Bejtovic, Jasmin"]
[Result "0-1"]
[WhiteElo "1909"]
[BlackElo "2390"]
[PlyCount "126"]
[EventDate "2014.06.07"]
[EventType "team-tourn"]
[EventRounds "9"]
[EventCountry "BIH"]
[SourceTitle "CBM 160 Extra"]
[Source "ChessBase"]
[SourceDate "2014.07.01"]
[SourceVersion "1"]
[SourceVersionDate "2014.07.01"]
[SourceQuality "1"]
[WhiteTeam "Busovaca Hrasno"]
[BlackTeam "Sarajevo Napredak"]
[WhiteTeamCountry "BIH"]
[BlackTeamCountry "BIH"]

1. e4 c5 2. Nc3 Nc6 3. g3 g6 4. Bg2 Bg7 5. d3 d6 6. f4 e5 7. Nh3 Nge7 8. 0-0 Nd4 9. Be3 h6 10. Qd2 Be6 11. Nd1 Qd7 12. Nhf2 exf4 13. gxf4 f5 14. c3 0-0 15. e5 dxe5 16. fxe5 f4 17. Bxd4 cxd4 18. Ne4 Bxe5 19. Nc5 Qd6 20. Nxe6 Qxe6 21. c4 Kg7 22. Bxb7 Rab8 23. Qg2 Nf5 24. Bd5 Qd6 25. Rf2 g5 26. Qf3 Rf6 27. Kh1 Nh4 28. Qh3 f3 29. Rc2 Rf4 30. Nf2 Rbf8 31. Re1 Ng2 32. Re4 Ne3 33. Rc1 Rxe4 34. Bxe4 Rf4 35. Rg1 Ng2 36. Qc8 Rh4 37. Qb7+ Qc7 38. h3 Qxb7 39. Bxb7 g4 40. Rxg2 fxg2+ 41. Kxg2 gxh3+ 42. Nxh3 Rg4+ 43. Kf2 Rg3 44. Ng1 Rxd3 45. Nf3 Bf4 46. c5 Rd1 47. Be4 h5 48. c6 d3 49. b4 Rb1 50. Bxd3 Rb2+ 51. Be2 Rxb4 52. Nd2 h4 53. Kf3 h3 54. Nb3 h2 55. Kg2 Bd6 56. Bf3 Rh4 57. Kh1 Rf4 58. Bg2 Rc4 59. Nd2 Rc1+ 60. Nf1 a5 61. a4 Bc7 62. Bh3 Kh6 63. Kg2 Rxf1 0-1

[Event "BIH-chT 13th"]
[Site "Neum"]
[Date "2014.06.13"]
[Round "7.1"]
[White "Bejtovic, Jasmin"]
[Black "Sutkovic, Damir"]
[Result "1/2-1/2"]
[WhiteElo "2390"]
[BlackElo "2326"]
[PlyCount "64"]
[EventDate "2014.06.07"]
[EventType "team-tourn"]
[EventRounds "9"]
[EventCountry "BIH"]
[SourceTitle "CBM 160 Extra"]
[Source "ChessBase"]
[SourceDate "2014.07.01"]
[SourceVersion "1"]
[SourceVersionDate "2014.07.01"]
[SourceQuality "1"]
[WhiteTeam "Sarajevo Napredak"]
[BlackTeam "Zenica"]
[WhiteTeamCountry "BIH"]
[BlackTeamCountry "BIH"]

1. c4 g6 2. g3 Bg7 3. Bg2 d6 4. Nc3 Nf6 5. e4 0-0 6. Nge2 c5 7. 0-0 Nc6 8. d3 Rb8 9. h3 a6 10. a4 Bd7 11. Be3 Ne8 12. d4 cxd4 13. Nxd4 Nc7 14. Nde2 b5 15. axb5 axb5 16. c5 dxc5 17. Bxc5 Ne6 18. Be3 b4 19. Na4 Ne5 20. Qb3 Bb5 21. Rfd1 Qc8 22. Nf4 Bc4 23. Qc2 b3 24. Qd2 Nxf4 25. gxf4 Nd3 26. e5 Qf5 27. Bf1 Nxe5 28. fxe5 Bxf1 29. Rxf1 Rfd8 30. Qe2 Qxh3 31. f4 Qg3+ 32. Kh1 Qh3+ 1/2-1/2

[Event "Kolding Sondex Cup Gp2"]
[Site "Kolding"]
[Date "2014.05.04"]
[Round "4"]
[White "Gergacz, Attila"]
[Black "Bejtovic, Jasmin"]
[Result "1/2-1/2"]
[WhiteElo "2369"]
[BlackElo "2396"]
[PlyCount "79"]
[EventDate "2014.05.02"]
[EventType "tourn"]
[EventRounds "5"]
[EventCountry "DEN"]
[EventCategory "6"]
[SourceTitle "EXT 2018"]
[Source "ChessBase"]
[SourceDate "2017.10.13"]
[SourceVersion "1"]
[SourceVersionDate "2017.10.13"]
[SourceQuality "1"]

1. e4 c5 2. Nf3 Nc6 3. d4 cxd4 4. Nxd4 g6 5. c4 Nf6 6. Nc3 d6 7. Be2 Bg7 8. Be3 0-0 9. 0-0 Nxd4 10. Bxd4 Bd7 11. Qd2 Bc6 12. f3 a5 13. b3 Nd7 14. Be3 Nc5 15. Rab1 e6 16. Rfd1 Be5 17. g3 Qe7 18. a3 Rfd8 19. b4 axb4 20. axb4 Na4 21. Nxa4 Bxa4 22. Rdc1 Bg7 23. b5 d5 24. exd5 exd5 25. c5 Re8 26. Kf2 d4 27. Bg5 Bf6 28. Bxf6 Qxf6 29. Rc4 Qf5 30. Rb2 Qh3 31. Bf1 Qxh2+ 32. Bg2 Bxb5 33. Rxb5 Ra1 34. Rc1 Re2+ 35. Qxe2 Rxc1 36. Qe8+ Kg7 37. Qe5+ Kg8 38. Qe8+ Kg7 39. Qe5+ Kg8 40. Qe8+ 1/2-1/2

[Event "Kolding Sondex Cup Gp2"]
[Site "Kolding"]
[Date "2014.05.03"]
[Round "2"]
[White "Korley, Kassa"]
[Black "Bejtovic, Jasmin"]
[Result "1-0"]
[WhiteElo "2358"]
[BlackElo "2396"]
[PlyCount "67"]
[EventDate "2014.05.02"]
[EventType "tourn"]
[EventRounds "5"]
[EventCountry "DEN"]
[EventCategory "6"]
[SourceTitle "EXT 2018"]
[Source "ChessBase"]
[SourceDate "2017.10.13"]
[SourceVersion "1"]
[SourceVersionDate "2017.10.13"]
[SourceQuality "1"]

1. Nf3 c5 2. g3 g6 3. Bg2 Bg7 4. 0-0 Nf6 5. c3 0-0 6. d4 cxd4 7. cxd4 d5 8. Nc3 Ne4 9. Bf4 Nc6 10. Rc1 e6 11. Ne5 Nxc3 12. Rxc3 Bd7 13. Nxc6 Bxc6 14. Qd2 Qb6 15. e3 Rfc8 16. Rfc1 Bf8 17. a3 a5 18. Bf1 a4 19. h4 Qd8 20. Bg5 f6 21. Bf4 e5 22. dxe5 g5 23. hxg5 fxg5 24. e4 d4 25. Rxc6 Rxc6 26. Bxg5 Qd7 27. Rxc6 bxc6 28. Bc4+ Kh8 29. Bf6+ Bg7 30. e6 Qa7 31. e5 Re8 32. Qg5 d3 33. e7 Rxe7 34. Bxg7+ 1-0

[Event "SWE-chT 1314"]
[Site "Sweden"]
[Date "2014.03.07"]
[Round "7.5"]
[White "Bejtovic, Jasmin"]
[Black "Akesson, Ralf"]
[Result "0-1"]
[WhiteElo "2394"]
[BlackElo "2456"]
[PlyCount "92"]
[EventDate "2013.11.22"]
[EventType "team-tourn"]
[EventRounds "9"]
[EventCountry "SWE"]
[SourceTitle "EXT 2015"]
[Source "ChessBase"]
[SourceDate "2014.11.20"]
[SourceVersion "1"]
[SourceVersionDate "2014.11.20"]
[SourceQuality "1"]
[WhiteTeam "Eksjo"]
[BlackTeam "Vasteras"]
[WhiteTeamCountry "SWE"]
[BlackTeamCountry "SWE"]

1. e4 c5 2. Nf3 e6 3. d4 cxd4 4. Nxd4 Nc6 5. Nc3 Qc7 6. f4 a6 7. Nxc6 Qxc6 8. Bd3 b5 9. Qe2 Bb7 10. Bd2 Be7 11. a3 Rc8 12. 0-0-0 Nf6 13. Kb1 0-0 14. h4 h5 15. Rh3 Ng4 16. Rg3 Qb6 17. Rxg4 hxg4 18. e5 f5 19. exf6 Rxf6 20. Qxg4 Qf2 21. Ne4 Bxe4 22. Bxe4 a5 23. Bc1 d5 24. Rxd5 Rxc2 25. Bxc2 exd5 26. Qd7 Qc5 27. Bb3 Kf8 28. Bd2 b4 29. a4 Rd6 30. Qf5+ Bf6 31. g4 Qd4 32. Qc8+ Rd8 33. Qc1 Bxh4 34. g5 Bf2 35. Qc7 Qb6 36. Qe5 Qd6 37. Qe2 Qc5 38. f5 Qd4 39. Ka2 Re8 40. Qh5 Qxd2 41. Qh8+ Ke7 42. Qxg7+ Kd8 43. Qf7 Re2 44. Qf6+ Kc7 45. g6 Bd4 46. Qf7+ Kb6 0-1

[Event "Rilton Cup 43rd"]
[Site "Stockholm"]
[Date "2014.01.05"]
[Round "9"]
[White "Tikkanen, Hans"]
[Black "Bejtovic, Jasmin"]
[Result "1-0"]
[WhiteElo "2548"]
[BlackElo "2402"]
[PlyCount "89"]
[EventDate "2013.12.27"]
[EventType "swiss"]
[EventRounds "9"]
[EventCountry "SWE"]
[SourceTitle "CBM 158 Extra"]
[Source "ChessBase"]
[SourceDate "2014.02.28"]
[SourceVersion "1"]
[SourceVersionDate "2014.02.28"]
[SourceQuality "1"]

1. d4 Nf6 2. c4 g6 3. Nc3 Bg7 4. e4 d6 5. h3 0-0 6. Be3 Na6 7. Bd3 e5 8. d5 Nc5 9. Bc2 a5 10. Qd2 Nh5 11. 0-0-0 f5 12. exf5 gxf5 13. g4 Nf4 14. gxf5 Bxf5 15. Bxf5 Rxf5 16. Bxc5 dxc5 17. Ne4 Qf8 18. Kb1 a4 19. a3 Ra6 20. Qc2 Ng6 21. Ne2 Nh4 22. N2g3 Rf4 23. Ng5 Rg6 24. Ne6 Qf7 25. Ne4 Rf5 26. Nd8 Qe7 27. Nxb7 Nf3 28. Nbxc5 Nd4 29. Qxa4 Qh4 30. Qd7 Rf7 31. Qc8+ Bf8 32. Rhe1 Qh5 33. Nd3 Nf3 34. Re3 Nd4 35. Rde1 Nf3 36. Rc1 Kg7 37. Ka2 Qh4 38. Ng3 Qg5 39. c5 e4 40. Nb4 Nd2 41. h4 Qe5 42. Re2 Qd4 43. Nf5+ Rxf5 44. Qxf5 Qxb4 45. Qxg6+ 1-0